Ocean : (Record no. 3595)

MARC details
000 -LEADER
fixed length control field 00812nac a22002531i 4500
003 - CONTROL NUMBER IDENTIFIER
control field EG-ScBUE
005 - DATE AND TIME OF LATEST TRANSACTION
control field 20260426095732.0
008 - FIXED-LENGTH DATA ELEMENTS--GENERAL INFORMATION
fixed length control field 130127s2006 enka f 001 0 eng d
020 ## - INTERNATIONAL STANDARD BOOK NUMBER
International Standard Book Number 1405312920
020 ## - INTERNATIONAL STANDARD BOOK NUMBER
International Standard Book Number 9781405312929
040 ## - CATALOGING SOURCE
Original cataloging agency EG-ScBUE
Language of cataloging eng
Description conventions rda
Transcribing agency EG-ScBUE
Modifying agency EG-ScBUE
082 04 - DEWEY DECIMAL CLASSIFICATION NUMBER
Classification number 577.721
Edition number 22
Item number OCE
245 00 - TITLE STATEMENT
Title Ocean :
Remainder of title the world's last wilderness revealed /
Statement of responsibility, etc introduced by Fabien Cousteau.
264 #1 - PUBLICATION, DISTRIBUTION, ETC. (IMPRINT)
Place of publication, distribution, etc London :
Name of publisher, distributor, etc Dorling Kindersley,
Date of publication, distribution, etc 2006.
300 ## - PHYSICAL DESCRIPTION
Extent 512 pages :
Other physical details illustrations ;
Dimensions 30 cm
336 ## - CONTENT TYPE
Source rdacontent
Content type term text
Content type code txt
337 ## - MEDIA TYPE
Media type term unmediated
Source rdamedia
Media type code n
338 ## - CARRIER TYPE
Carrier type term volume
Carrier type code nc
Source rdacarrier
500 ## - GENERAL NOTE
General note Includes index.<br/>
600 ## - SUBJECT ADDED ENTRY--PERSONAL NAME
Personal name Cousteau, Fabien
9 (RLIN) 32044
650 ## - SUBJECT ADDED ENTRY--TOPICAL TERM
Topical term or geographic name as entry element Oceans
9 (RLIN) 32045
700 1# - ADDED ENTRY--PERSONAL NAME
Personal name Cousteau, Fabien,
Relator term write of introduction, etc.
942 ## - ADDED ENTRY ELEMENTS (KOHA)
Koha item type Book - Borrowing
Source of classification or shelving scheme Dewey Decimal Classification
Holdings
Withdrawn status Lost status Source of classification or shelving scheme Damaged status Not for loan Collection code Home library Current library Shelving location Date acquired Source of acquisition Cost, normal purchase price Total Checkouts Total Renewals Full call number Barcode Date last seen Date checked out Cost, replacement price Koha item type
    Dewey Decimal Classification       Central Library Central Library First floor 30/04/2007   330.00 2 19 577.721 OCE 000030250 10/01/2026 11/12/2025 412.50 Book - Borrowing